[Event "CZE-chT2F 1920"]
[Site "Czech Republic"]
[Date "2019.11.17"]
[Round "3.8"]
[White "Valickova, Martina"]
[Black "Chliapas, Nikos"]
[Result "0-1"]
[WhiteElo "1928"]
[BlackElo "1971"]
[PlyCount "52"]
[EventDate "2019.10.13"]
[EventType "team-tourn"]
[EventRounds "11"]
[EventCountry "CZE"]
[SourceTitle "EXT 2024"]
[Source "ChessBase"]
[SourceDate "2023.10.10"]
[SourceVersion "1"]
[SourceVersionDate "2023.10.10"]
[SourceQuality "1"]
[WhiteTeam "Trinec II"]
[BlackTeam "Ostrava Labortech II"]
[WhiteTeamCountry "CZE"]
[BlackTeamCountry "CZE"]

1. e4 e5 2. Nf3 Nc6 3. d4 exd4 4. Nxd4 Bc5 5. Be3 Qf6 6. c3 Nge7 7. Bc4 0-0 8. 0-0 Ne5 9. Be2 d5 10. Nd2 Qg6 11. Bh5 Qf6 12. f4 Nc4 13. Nxc4 dxc4 14. Qe2 Qa6 15. Kh1 b5 16. f5 Nc6 17. f6 g6 18. Nxc6 Qxc6 19. Bf3 Qb6 20. e5 Rb8 21. Bxc5 Qxc5 22. Rad1 Be6 23. Qe1 Rfd8 24. Qg3 Rd3 25. Qg5 Rbd8 26. Be2 Rxd1 0-1

[Event "CZE-chT2F 1819"]
[Site "Czech Republic"]
[Date "2018.12.02"]
[Round "4.8"]
[White "Chliapas, Nikos"]
[Black "Valickova, Martina"]
[Result "1-0"]
[WhiteElo "1972"]
[BlackElo "1931"]
[PlyCount "65"]
[EventDate "2018.10.14"]
[EventType "team-tourn"]
[EventRounds "11"]
[EventCountry "CZE"]
[SourceTitle "EXT 2022"]
[Source "ChessBase"]
[SourceDate "2021.10.06"]
[SourceVersion "1"]
[SourceVersionDate "2021.10.06"]
[SourceQuality "1"]
[WhiteTeam "Ostrava Labortech II"]
[BlackTeam "Trinec II"]
[WhiteTeamCountry "CZE"]
[BlackTeamCountry "CZE"]

1. d4 Nf6 2. Bf4 e6 3. Nf3 b6 4. e3 Bb7 5. Nbd2 Be7 6. h3 0-0 7. Be2 c5 8. 0-0 Nc6 9. c3 d5 10. Ne5 Nd7 11. Bd3 Ndxe5 12. dxe5 f5 13. exf6 Bxf6 14. Qh5 g6 15. Qg4 Bc8 16. Qe2 e5 17. Bh6 Bg7 18. Bxg7 Kxg7 19. e4 d4 20. Bb5 Ne7 21. a4 a6 22. Bc4 Qd6 23. Rad1 Bb7 24. Nf3 Rf4 25. Bd5 Bxd5 26. exd5 e4 27. Nh2 Qxd5 28. cxd4 cxd4 29. Qd2 e3 30. fxe3 Rxf1+ 31. Nxf1 Qa5 32. Qxd4+ Kh6 33. Qh4+ 1-0

[Event "CZE-chT2F 1718"]
[Site "Czech Republic"]
[Date "2018.04.08"]
[Round "11.7"]
[White "Vrba, Svatopluk"]
[Black "Chliapas, Nikos"]
[Result "1/2-1/2"]
[WhiteElo "1687"]
[BlackElo "1948"]
[PlyCount "30"]
[EventDate "2017.10.15"]
[EventType "team-tourn"]
[EventRounds "11"]
[EventCountry "CZE"]
[SourceTitle "EXT 2022"]
[Source "ChessBase"]
[SourceDate "2021.10.06"]
[SourceVersion "1"]
[SourceVersionDate "2021.10.06"]
[SourceQuality "1"]
[WhiteTeam "Vrbno pod Pradedem"]
[BlackTeam "Ostrava Labortech II"]
[WhiteTeamCountry "CZE"]
[BlackTeamCountry "CZE"]

1. e4 e5 2. Nf3 Nc6 3. Bc4 Bc5 4. d3 d6 5. 0-0 a6 6. Nc3 h6 7. Nd5 Nf6 8. Be3 Bxe3 9. Nxe3 0-0 10. a3 Be6 11. Bxe6 fxe6 12. c3 Qe8 13. b4 Qh5 14. Nd2 Qxd1 15. Rfxd1 d5 1/2-1/2

[Event "CZE-chT2F 1718"]
[Site "Czech Republic"]
[Date "2018.03.18"]
[Round "10.8"]
[White "Baier, Pavel"]
[Black "Chliapas, Nikos"]
[Result "1/2-1/2"]
[WhiteElo "2061"]
[BlackElo "1948"]
[PlyCount "29"]
[EventDate "2017.10.15"]
[EventType "team-tourn"]
[EventRounds "11"]
[EventCountry "CZE"]
[SourceTitle "EXT 2022"]
[Source "ChessBase"]
[SourceDate "2021.10.06"]
[SourceVersion "1"]
[SourceVersionDate "2021.10.06"]
[SourceQuality "1"]
[WhiteTeam "Havirov Banik"]
[BlackTeam "Ostrava Labortech II"]
[WhiteTeamCountry "CZE"]
[BlackTeamCountry "CZE"]

1. d4 d5 2. Nf3 Nf6 3. g3 e6 4. Bg2 c5 5. 0-0 Nc6 6. c3 Qb6 7. e3 Be7 8. Nbd2 0-0 9. a3 h6 10. Qe2 Re8 11. dxc5 Bxc5 12. b4 Bd6 13. Bb2 a6 14. Rfd1 e5 15. h3 1/2-1/2

[Event "CZE-chT2F 1718"]
[Site "Czech Republic"]
[Date "2017.11.19"]
[Round "3.8"]
[White "Chliapas, Nikos"]
[Black "Gnojek, Petr"]
[Result "1-0"]
[WhiteElo "1948"]
[BlackElo "2018"]
[PlyCount "120"]
[EventDate "2017.10.15"]
[EventType "team-tourn"]
[EventRounds "11"]
[EventCountry "CZE"]
[SourceTitle "EXT 2022"]
[Source "ChessBase"]
[SourceDate "2021.10.06"]
[SourceVersion "1"]
[SourceVersionDate "2021.10.06"]
[SourceQuality "1"]
[WhiteTeam "Ostrava Labortech II"]
[BlackTeam "Frydek Mistek III"]
[WhiteTeamCountry "CZE"]
[BlackTeamCountry "CZE"]

1. e4 c5 2. Nf3 e6 3. d4 cxd4 4. Nxd4 Nf6 5. Bd3 Nc6 6. Nxc6 bxc6 7. 0-0 d6 8. f4 Be7 9. Qf3 0-0 10. Nc3 e5 11. h3 exf4 12. Bxf4 Qb6+ 13. Kh1 Qxb2 14. e5 dxe5 15. Bxe5 Nd7 16. Qe4 f5 17. Bc4+ Kh8 18. Bxg7+ Kxg7 19. Qxe7+ Kh8 20. Qe3 Nf6 21. Qd3 Bd7 22. Rab1 Qa3 23. Rb7 Rad8 24. Qe3 Rfe8 25. Qd4 Qf8 26. Qxa7 Qh6 27. Qf2 Re3 28. Rb3 Rde8 29. Qf4 Qg7 30. Rf3 Re1+ 31. Kh2 Nh5 32. Qh4 Qe5+ 33. g3 Qc5 34. Bf1 Ng7 35. Qb4 Qxb4 36. Rxb4 c5 37. Rb1 Rxb1 38. Nxb1 Bc6 39. Rf2 Re1 40. Nc3 Re3 41. Nd1 Re1 42. Nc3 Re3 43. Bd3 c4 44. Nd1 Re1 45. Rf1 Rxf1 46. Bxf1 Be4 47. Ne3 c3 48. Bc4 Ne8 49. Bd5 Nd6 50. Bxe4 fxe4 51. a4 Kg7 52. a5 Nb5 53. a6 Kf6 54. Nd5+ Ke5 55. Nxc3 Na7 56. Ne2 Kd6 57. g4 Kc7 58. Kg3 Nb5 59. Kf4 Nd6 60. Ng3 Kb6 1-0

[Event "CZE-chT2F 1415"]
[Site "Czech Republic"]
[Date "2015.04.19"]
[Round "11.38"]
[White "Chliapas, Nikos"]
[Black "Mohyla, Tomas"]
[Result "1/2-1/2"]
[WhiteElo "1948"]
[BlackElo "2077"]
[PlyCount "39"]
[EventDate "2014.11.02"]
[EventType "team-tourn"]
[EventRounds "11"]
[EventCountry "CZE"]
[SourceTitle "EXT 2022"]
[Source "ChessBase"]
[SourceDate "2021.10.06"]
[SourceVersion "1"]
[SourceVersionDate "2021.10.06"]
[SourceQuality "1"]
[WhiteTeam "Ostrava Labortech II"]
[BlackTeam "Havirov Banik"]
[WhiteTeamCountry "CZE"]
[BlackTeamCountry "CZE"]

1. d4 Nf6 2. Nf3 g6 3. c4 Bg7 4. Nc3 0-0 5. e4 d6 6. Be3 Nc6 7. Be2 e5 8. 0-0 Bg4 9. Qd2 Re8 10. d5 Bxf3 11. Bxf3 Ne7 12. b4 Kh8 13. g3 Nfg8 14. Bg2 f5 15. f4 a5 16. bxa5 Rxa5 17. fxe5 dxe5 18. Rab1 b6 19. Nb5 Ra6 20. d6 1/2-1/2

[Event "CZE-chT2F 1213"]
[Site "Czech Republic"]
[Date "2013.03.24"]
[Round "11.17"]
[White "Chliapas, Nikos"]
[Black "Beseda, Roman"]
[Result "1/2-1/2"]
[WhiteElo "1953"]
[BlackElo "2128"]
[PlyCount "67"]
[EventDate "2012.10.14"]
[EventType "team-tourn"]
[EventRounds "11"]
[EventCountry "CZE"]
[SourceTitle "EXT 2016"]
[Source "ChessBase"]
[SourceDate "2015.10.08"]
[SourceVersion "1"]
[SourceVersionDate "2015.10.08"]
[SourceQuality "1"]
[WhiteTeam "Ostrava Labortech II"]
[BlackTeam "Dobra"]
[WhiteTeamCountry "CZE"]
[BlackTeamCountry "CZE"]

1. d4 d5 2. Nf3 Nf6 3. c4 e6 4. Nc3 c5 5. e3 Nc6 6. a3 dxc4 7. Bxc4 Be7 8. 0-0 0-0 9. dxc5 Qxd1 10. Rxd1 Bxc5 11. b4 Be7 12. Bb2 b6 13. Rac1 Bb7 14. Ne2 Rfd8 15. Nf4 Rxd1+ 16. Rxd1 Rd8 17. Rxd8+ Bxd8 18. Ng5 Bc8 19. Nf3 Bc7 20. h3 Ne8 21. Bb5 Bb7 22. Be2 Nf6 23. Bb5 Ne8 24. Be2 Bd6 25. Bc4 Nc7 26. Ne2 a6 27. Ned4 Nxd4 28. Nxd4 Nd5 29. Nb3 Bc7 30. Kf1 Nf6 31. Nd2 Nd7 32. Nb3 Ne5 33. Be2 Bd5 34. Nd2 1/2-1/2

[Event "CZE-chT2F 1213"]
[Site "Czech Republic"]
[Date "2013.01.06"]
[Round "6.46"]
[White "Chliapas, Nikos"]
[Black "Muzik, Martin"]
[Result "1/2-1/2"]
[WhiteElo "1953"]
[BlackElo "2139"]
[PlyCount "105"]
[EventDate "2012.10.14"]
[EventType "team-tourn"]
[EventRounds "11"]
[EventCountry "CZE"]
[SourceTitle "EXT 2016"]
[Source "ChessBase"]
[SourceDate "2015.10.08"]
[SourceVersion "1"]
[SourceVersionDate "2015.10.08"]
[SourceQuality "1"]
[WhiteTeam "Ostrava Labortech II"]
[BlackTeam "Opava KVS"]
[WhiteTeamCountry "CZE"]
[BlackTeamCountry "CZE"]

1. d4 d5 2. Nf3 Nf6 3. c4 c6 4. e3 a6 5. Nc3 b5 6. b3 Bg4 7. h3 Bxf3 8. Qxf3 e5 9. dxe5 Bb4 10. Bd2 Ne4 11. Nxe4 dxe4 12. Qe2 Bxd2+ 13. Qxd2 Qxd2+ 14. Kxd2 Nd7 15. Kc3 0-0-0 16. Be2 Nxe5 17. Rhd1 f5 18. Rxd8+ Rxd8 19. Rd1 Rxd1 20. Bxd1 Nd3 21. f4 b4+ 22. Kd4 Kd7 23. c5 a5 24. Be2 Nc1 25. Bc4 Nxa2 26. g4 fxg4 27. hxg4 Nc1 28. Bg8 g6 29. g5 Ke7 30. Bc4 Kf8 31. Kxe4 a4 32. bxa4 b3 33. Bd3 b2 34. Bc2 Nb3 35. Ke5 Nxc5 36. a5 Ke7 37. f5 Kf7 38. fxg6+ hxg6 39. Bb1 Kg7 40. e4 Kf7 41. Kf4 Ke7 42. e5 Kf7 43. Ba2+ Ke7 44. Ke3 Kf8 45. Ke2 Nb3 46. Kd1 Nxa5 47. Kc2 Nb7 48. Kxb2 Nc5 49. Bb1 Kf7 50. Kc3 Ne6 51. Ba2 Ke7 52. Bb1 Kf7 53. Ba2 1/2-1/2

[Event "CZE-chT2F 1213"]
[Site "Czech Republic"]
[Date "2012.12.16"]
[Round "5.46"]
[White "Fargac, Martin"]
[Black "Chliapas, Nikos"]
[Result "1-0"]
[WhiteElo "2069"]
[BlackElo "1953"]
[PlyCount "113"]
[EventDate "2012.10.14"]
[EventType "team-tourn"]
[EventRounds "11"]
[EventCountry "CZE"]
[SourceTitle "EXT 2016"]
[Source "ChessBase"]
[SourceDate "2015.10.08"]
[SourceVersion "1"]
[SourceVersionDate "2015.10.08"]
[SourceQuality "1"]
[WhiteTeam "Trinec II"]
[BlackTeam "Ostrava Labortech II"]
[WhiteTeamCountry "CZE"]
[BlackTeamCountry "CZE"]

1. c4 e5 2. Nc3 Nc6 3. g3 Nf6 4. Bg2 Bc5 5. e3 d6 6. Nge2 0-0 7. d4 Bb6 8. 0-0 Bg4 9. h3 Bxe2 10. Nxe2 Re8 11. a3 a5 12. b3 Qe7 13. Bb2 Rad8 14. dxe5 dxe5 15. Qc2 Rd7 16. Rad1 Rxd1 17. Rxd1 Nd8 18. Qc3 c6 19. Nc1 e4 20. Ne2 Ne6 21. Nf4 Nxf4 22. gxf4 Bc7 23. Rc1 Qf8 24. Qc2 Qe7 25. Qc3 Qf8 26. a4 Bb6 27. Rd1 Bc7 28. Qc2 Qe7 29. Bc3 Nh5 30. Rd4 f5 31. Qd2 Rd8 32. c5 Rxd4 33. Qxd4 Qd8 34. Qc4+ Qd5 35. Qxd5+ cxd5 36. Bf1 Kf7 37. Bb5 Nf6 38. Kf1 g6 39. Ke2 Ke7 40. Kd2 Nd7 41. b4 axb4 42. Bxb4 Ke6 43. c6 bxc6 44. Bxc6 Nb6 45. Kc3 Bd8 46. Kd4 Bf6+ 47. Kc5 Be7+ 48. Kb5 Bxb4 49. Kxb4 Kd6 50. Bb5 h6 51. a5 Nc8 52. h4 d4 53. exd4 Kd5 54. Kc3 Nd6 55. Bf1 Kc6 56. a6 Kb6 57. d5 1-0

[Event "CZE-chT1E 1112"]
[Site "Czech Republic"]
[Date "2011.11.27"]
[Round "4"]
[White "Chliapas, Nikos"]
[Black "Zigo, Viktor"]
[Result "0-1"]
[WhiteElo "1954"]
[BlackElo "2272"]
[PlyCount "58"]
[EventDate "2011.10.02"]
[EventType "team-tourn"]
[EventRounds "11"]
[EventCountry "CZE"]
[SourceTitle "EXT 2013"]
[Source "ChessBase"]
[SourceDate "2012.11.22"]
[SourceVersion "1"]
[SourceVersionDate "2012.11.22"]
[SourceQuality "1"]
[WhiteTeam "Ostrava Labortech II"]
[BlackTeam "Jihlava Gordic"]
[WhiteTeamCountry "CZE"]
[BlackTeamCountry "CZE"]

1. d4 Nf6 2. Nf3 b6 3. c4 e6 4. a3 Bb7 5. Nc3 d5 6. e3 Be7 7. Bd3 0-0 8. Qc2 c5 9. cxd5 exd5 10. 0-0 Nc6 11. Rd1 c4 12. Bf5 g6 13. Bh3 Na5 14. Nd2 Re8 15. b3 cxb3 16. Nxb3 Nc4 17. Nd2 Nd6 18. Bb2 Bc8 19. Bxc8 Rxc8 20. Qb3 Nf5 21. Nf3 Bd6 22. g3 Nxe3 23. fxe3 Rxe3 24. Kg2 Ne4 25. Re1 Rxf3 26. Qxd5 Rf2+ 27. Kg1 Nxc3 28. Bxc3 Rxc3 29. Qb5 Qf6 0-1

[Event "Ostrava op"]
[Site "Ostrava"]
[Date "2010.05.08"]
[Round "8"]
[White "Chliapas, Nikos"]
[Black "Zimniok, Lubomir"]
[Result "0-1"]
[WhiteElo "1965"]
[BlackElo "2095"]
[PlyCount "86"]
[EventDate "2010.05.01"]
[EventType "swiss"]
[EventRounds "9"]
[EventCountry "CZE"]
[SourceTitle "EXT 2011"]
[Source "ChessBase"]
[SourceDate "2010.11.26"]
[SourceVersion "1"]
[SourceVersionDate "2010.11.26"]
[SourceQuality "1"]

1. d4 Nf6 2. Nf3 g6 3. c4 Bg7 4. Nc3 0-0 5. e4 d6 6. Be2 e5 7. dxe5 dxe5 8. Qxd8 Rxd8 9. Bg5 Re8 10. 0-0 c6 11. Rad1 h6 12. Bc1 Nbd7 13. Rfe1 a5 14. h3 Nc5 15. Bf1 a4 16. Rd6 Nfd7 17. Be3 Ne6 18. Red1 Ndc5 19. g3 Bf8 20. Bxc5 Nxc5 21. Rd8 Rxd8 22. Rxd8 f6 23. h4 Ne6 24. Rd1 h5 25. Rd2 a3 26. b3 Bb4 27. Rc2 Nc5 28. Nd2 Be6 29. Be2 Rd8 30. Ndb1 f5 31. f3 Rd4 32. Kh2 Kg7 33. Kg2 fxe4 34. fxe4 Nxe4 35. Nd1 Nd6 36. Nbc3 Bf5 37. Rc1 Ne4 38. Nb1 Nc5 39. Ndc3 Nd3 40. Rf1 Nc5 41. Rc1 Nxb3 42. Rd1 Rxd1 43. Bxd1 Nc1 0-1

[Event "Ostrava op"]
[Site "Ostrava"]
[Date "2010.05.03"]
[Round "3"]
[White "Chliapas, Nikos"]
[Black "Zidek, Vaclav"]
[Result "0-1"]
[WhiteElo "1965"]
[BlackElo "2095"]
[PlyCount "118"]
[EventDate "2010.05.01"]
[EventType "swiss"]
[EventRounds "9"]
[EventCountry "CZE"]
[SourceTitle "EXT 2011"]
[Source "ChessBase"]
[SourceDate "2010.11.26"]
[SourceVersion "1"]
[SourceVersionDate "2010.11.26"]
[SourceQuality "1"]

1. d4 Nf6 2. Nf3 e6 3. c4 b6 4. a3 Bb7 5. Nc3 d5 6. e3 g6 7. Be2 Bg7 8. 0-0 0-0 9. Ne5 Nbd7 10. Nxd7 Qxd7 11. Bf3 Rfd8 12. Qc2 Rac8 13. c5 bxc5 14. dxc5 e5 15. Rd1 Qe6 16. b4 c6 17. Ne2 Qe7 18. g3 Ba6 19. Bb2 e4 20. Bg2 Bxe2 21. Qxe2 Nd7 22. Bd4 a5 23. Qd2 axb4 24. axb4 Ra8 25. Qc3 Bxd4 26. exd4 Nf8 27. Bf1 Qb7 28. b5 cxb5 29. Rab1 Ne6 30. Rxb5 Qa7 31. Bh3 Qa4 32. Rbb1 f5 33. Rd2 Rdb8 34. Rbd1 Rb3 35. Qc2 Nxd4 36. Rxd4 Rxg3+ 37. hxg3 Qxc2 38. R4d2 Qxc5 39. Rxd5 Qb6 40. Rd6 Qb3 41. Bf1 Qc3 42. Rd8+ Rxd8 43. Rxd8+ Kg7 44. Rd1 Kf6 45. Be2 Kg5 46. Bf1 Qf3 47. Re1 h5 48. Re3 Qd1 49. Kg2 Kf6 50. Be2 Qd2 51. Kf1 Qc1+ 52. Kg2 Qb2 53. Kf1 Ke5 54. Kg2 f4 55. gxf4+ Kxf4 56. Bd1 h4 57. Ba4 g5 58. Bd1 g4 59. Bxg4 Qg7 0-1

[Event "CZE-chT2f 0607"]
[Site "Czech Republic"]
[Date "2007.02.25"]
[Round "8.8"]
[White "Gibiec, Ernest"]
[Black "Chliapas, Nikos"]
[Result "1-0"]
[WhiteElo "2273"]
[BlackElo "2311"]
[PlyCount "75"]
[EventDate "2006.10.14"]
[EventType "team"]
[EventRounds "11"]
[EventCountry "CZE"]
[SourceTitle "EXT 2009"]
[Source "ChessBase"]
[SourceDate "2008.11.26"]
[SourceVersion "1"]
[SourceVersionDate "2008.11.26"]
[SourceQuality "1"]

1. d4 d5 2. c4 e6 3. Nc3 Nf6 4. cxd5 exd5 5. Bg5 Be7 6. e3 0-0 7. Bd3 Nbd7 8. Qc2 h6 9. Bf4 a6 10. Nf3 c5 11. 0-0 b5 12. dxc5 Nxc5 13. Bf5 b4 14. Ne2 Nce4 15. Ned4 Nd6 16. Bxd6 Bxd6 17. Qc6 Bxf5 18. Nxf5 Be7 19. Qb7 Re8 20. Ne5 Kf8 21. Nc6 Qd7 22. Qxd7 Nxd7 23. Ncxe7 Rxe7 24. Nxe7 Kxe7 25. Rac1 a5 26. Rfd1 Nf6 27. f3 a4 28. Rc7+ Ke6 29. Rdc1 a3 30. R1c6+ Kf5 31. b3 Rd8 32. Kf2 Kg6 33. Ke2 d4 34. e4 Kh7 35. Kd3 Nd7 36. f4 g5 37. g3 h5 38. Rc8 1-0

[Event "CZE-chT2f 0607"]
[Site "Czech Republic"]
[Date "2006.11.05"]
[Round "2.7"]
[White "Misiuga, Andrzej"]
[Black "Chliapas, Nikos"]
[Result "1/2-1/2"]
[WhiteElo "2199"]
[BlackElo "2311"]
[PlyCount "48"]
[EventDate "2006.10.14"]
[EventType "team"]
[EventRounds "11"]
[EventCountry "CZE"]
[SourceTitle "EXT 2009"]
[Source "ChessBase"]
[SourceDate "2008.11.26"]
[SourceVersion "1"]
[SourceVersionDate "2008.11.26"]
[SourceQuality "1"]

1. d4 Nf6 2. c4 e6 3. Nf3 d5 4. g3 Nbd7 5. Bg2 Bb4+ 6. Nc3 c6 7. Qb3 Bd6 8. 0-0 0-0 9. Rd1 Qe7 10. Bf4 Bxf4 11. gxf4 b6 12. Ne5 Nxe5 13. dxe5 Nh5 14. e3 Bb7 15. cxd5 exd5 16. a4 f6 17. exf6 Nxf6 18. a5 b5 19. Ne2 a6 20. Rac1 Rae8 21. Qc3 Nd7 22. b4 Rf6 23. Ng3 Qf7 24. Qd4 Nf8 1/2-1/2